[Event "Titled Tuesday intern op 9th June"]
[Site "Chess.com INT"]
[Date "2020.06.09"]
[Round "1"]
[White "Mohammadi, Pouya"]
[Black "Di Berardino, Diego Rafael"]
[Result "0-1"]
[WhiteElo "2037"]
[BlackElo "2471"]
[PlyCount "106"]
[EventDate "2020.06.09"]
[EventType "swiss (blitz)"]
[EventRounds "10"]
[EventCountry "USA"]
[SourceTitle "CBM 196 Extra"]
[Source "ChessBase"]
[SourceDate "2020.07.31"]
[SourceVersion "1"]
[SourceVersionDate "2020.07.31"]
[SourceQuality "1"]

1. d4 Nf6 2. c4 g6 3. Nc3 Bg7 4. e4 0-0 5. Nf3 d6 6. Be2 e5 7. 0-0 Nbd7 8. Be3 Re8 9. Qc2 c6 10. d5 c5 11. a3 Nh5 12. b4 Nf4 13. Rfe1 Bf8 14. Bf1 b6 15. h4 Be7 16. Bxf4 exf4 17. Qd2 Bxh4 18. Qxf4 Bf6 19. Rac1 Ne5 20. Nxe5 Bxe5 21. Qf3 Qg5 22. Ne2 Bg4 23. Qd3 f5 24. exf5 Bxf5 25. Qb3 Rf8 26. g3 Bg4 27. f4 Qf5 28. Bg2 Bg7 29. Bf3 Rae8 30. Kg2 Bf6 31. Ng1 Bg7 32. Bxg4 Qxg4 33. Rxe8 Rxe8 34. Rf1 Bd4 35. Qf3 Qf5 36. g4 Qc2+ 37. Kg3 Re3 38. Rf2 Rxf3+ 39. Nxf3 Qd3 40. Kh3 Bxf2 41. Kg2 Qe3 42. f5 Qxa3 43. f6 Qxb4 44. Ng5 Kf8 45. f7 Kg7 46. Kxf2 Qb2+ 47. Kf3 Qc3+ 48. Kg2 Qd2+ 49. Kf1 Qxg5 50. f8Q+ Kxf8 51. Ke2 Qxg4+ 52. Kd3 Qd4+ 53. Kc2 Qxc4+ 0-1

[Event "Asia zt 3.1"]
[Site "Tehran"]
[Date "2017.07.05"]
[Round "7"]
[White "Ganjali, Hossein"]
[Black "Mohammadi, Pouya"]
[Result "1-0"]
[WhiteElo "2214"]
[BlackElo "1988"]
[PlyCount "73"]
[EventDate "2017.06.30"]
[EventType "swiss"]
[EventRounds "9"]
[EventCountry "IRI"]
[SourceTitle "CBM 179 Extra"]
[Source "ChessBase"]
[SourceDate "2017.08.23"]
[SourceVersion "1"]
[SourceVersionDate "2017.08.23"]
[SourceQuality "1"]

1. Nf3 Nf6 2. d4 g6 3. g3 Bg7 4. Bg2 0-0 5. 0-0 d6 6. c4 Nbd7 7. Nc3 e5 8. h3 Re8 9. e4 exd4 10. Nxd4 Nc5 11. Re1 a5 12. Qc2 c6 13. Be3 a4 14. Kh2 Nfd7 15. f4 Qa5 16. Bf2 a3 17. b3 Na6 18. Rad1 Ndc5 19. Nde2 f5 20. Bd4 Nb4 21. Qb1 Bxd4 22. Nxd4 Nbd3 23. Rxd3 Nxd3 24. Qxd3 fxe4 25. Bxe4 Qh5 26. Bd5+ Kg7 27. Rxe8 Bxh3 28. Re7+ Kh6 29. Kg1 cxd5 30. Nxd5 Rf8 31. Qe2 Bg4 32. Qh2 Bh3 33. Qe2 Bg4 34. Qe3 Rf5 35. Nxf5+ Qxf5 36. Qe4 Qh5 37. Rxh7+ 1-0

[Event "Asia zt 3.1"]
[Site "Tehran"]
[Date "2017.07.03"]
[Round "4"]
[White "Koniahli, Malek"]
[Black "Mohammadi, Pouya"]
[Result "1/2-1/2"]
[WhiteElo "2106"]
[BlackElo "1988"]
[PlyCount "45"]
[EventDate "2017.06.30"]
[EventType "swiss"]
[EventRounds "9"]
[EventCountry "IRI"]
[SourceTitle "CBM 179 Extra"]
[Source "ChessBase"]
[SourceDate "2017.08.23"]
[SourceVersion "1"]
[SourceVersionDate "2017.08.23"]
[SourceQuality "1"]

1. e4 c5 2. Nf3 d6 3. d4 cxd4 4. Nxd4 Nf6 5. f3 g6 6. c4 Bg7 7. Nc3 0-0 8. Be2 Nc6 9. Be3 Bd7 10. Qd2 Qa5 11. 0-0 Rfc8 12. Rfd1 a6 13. Nxc6 bxc6 14. Rdb1 Be6 15. b4 Qc7 16. Rc1 Qd8 17. Rab1 Rab8 18. Na4 Nd7 19. a3 f5 20. c5 fxe4 21. cxd6 exd6 22. Qxd6 Bd5 23. Bc4 1/2-1/2

[Event "Asia zt 3.1"]
[Site "Tehran"]
[Date "2017.06.30"]
[Round "1"]
[White "Gholami Orimi, Mahdi"]
[Black "Mohammadi, Pouya"]
[Result "1-0"]
[WhiteElo "2248"]
[BlackElo "1988"]
[PlyCount "119"]
[EventDate "2017.06.30"]
[EventType "swiss"]
[EventRounds "9"]
[EventCountry "IRI"]
[SourceTitle "CBM 179 Extra"]
[Source "ChessBase"]
[SourceDate "2017.08.23"]
[SourceVersion "1"]
[SourceVersionDate "2017.08.23"]
[SourceQuality "1"]

1. d4 Nf6 2. c4 g6 3. Nc3 Bg7 4. Nf3 0-0 5. g3 d6 6. Bg2 Nbd7 7. 0-0 e5 8. e4 Re8 9. Re1 exd4 10. Nxd4 Nc5 11. h3 a5 12. b3 c6 13. Rb1 Nfd7 14. Be3 h5 15. Re2 Ne5 16. Rd2 Qe7 17. f4 Ned7 18. Bf2 Nf6 19. Qc2 Bh6 20. Re2 Qc7 21. Rd1 Bd7 22. Nf3 Bf8 23. Nh4 Nh7 24. Red2 Rad8 25. Nf3 Qc8 26. Kh2 Qc7 27. a3 Ne6 28. Na4 c5 29. Nc3 Ng7 30. Nd5 Qc6 31. Ng5 Nxg5 32. Nf6+ Kh8 33. Nxe8 Nxh3 34. Bxh3 Nxe8 35. Bxd7 Rxd7 36. e5 Rc7 37. Rd5 dxe5 38. fxe5 Be7 39. Be1 b6 40. Bc3 Ng7 41. Qg2 Qe6 42. Qh3 Kg8 43. Rd7 Rxd7 44. Rxd7 Nf5 45. Rb7 a4 46. Rb8+ Kh7 47. Qg2 Nd4 48. Qd5 Qf5 49. Bxd4 cxd4 50. Rb7 Qc2+ 51. Qg2 axb3 52. Rxe7 Kg8 53. e6 fxe6 54. Rxe6 d3 55. Re1 b2 56. Kh3 b1Q 57. Qd5+ Kf8 58. Qd8+ Kg7 59. Re7+ Kf6 60. Qf8+ 1-0

[Event "Asian Schools-ch U13 12th Rapid"]
[Site "Tehran"]
[Date "2016.07.10"]
[Round "1.3"]
[White "Mohammadi, Pouya"]
[Black "Dissanayake, RKT"]
[Result "1-0"]
[WhiteElo "1920"]
[BlackElo "1545"]
[PlyCount "141"]
[EventDate "2016.07.10"]
[EventType "swiss"]
[EventRounds "7"]
[EventCountry "IRI"]
[SourceTitle "EXT 2024"]
[Source "ChessBase"]
[SourceDate "2023.10.10"]
[SourceVersion "1"]
[SourceVersionDate "2023.10.10"]
[SourceQuality "1"]

1. Nf3 Nf6 2. g3 g6 3. Bg2 Bg7 4. 0-0 0-0 5. d3 d6 6. e4 e5 7. Nbd2 Nc6 8. Nc4 Bd7 9. a4 Qc8 10. c3 Nh5 11. Nh4 Bh3 12. Be3 Bxg2 13. Kxg2 Bf6 14. Nf3 Bg7 15. Nfd2 f5 16. exf5 Rxf5 17. Qb3 Kh8 18. Kg1 Nf6 19. f3 Rh5 20. Qd1 Nd5 21. Qe2 Qh3 22. Ne4 Nxe3 23. Nxe3 d5 24. Nxd5 Rd8 25. g4 Rxd5 26. gxh5 Qxh5 27. Rad1 Qf5 28. Qg2 Bh6 29. Qg4 Qf8 30. Kh1 Ne7 31. Qe6 Bf4 32. Qf6+ Qxf6 33. Nxf6 Rd8 34. d4 exd4 35. Rxd4 Rxd4 36. cxd4 Nf5 37. Rd1 Bg5 38. Ne4 Be7 39. Rc1 c6 40. Rd1 Kg7 41. Nc5 b6 42. Nd7 Bd8 43. Nb8 Ne7 44. Rc1 Kf7 45. Nxc6 Nxc6 46. Rxc6 Ke7 47. d5 Kd7 48. b3 Bg5 49. h3 Bd8 50. Kg2 a5 51. Kf1 Ke7 52. Ke2 Kd7 53. Kd3 Ke7 54. Kc4 Kd7 55. Kb5 Ke7 56. Ka6 Kd7 57. Kb7 g5 58. Rh6 Ke7 59. Kc8 Ke8 60. Re6+ Be7 61. d6 Kf7 62. Rxe7+ Kf8 63. Re4 Kf7 64. d7 Kg6 65. d8Q Kf7 66. Qe8+ Kf6 67. Qe6+ Kg7 68. Qf5 h6 69. Re7+ Kg8 70. Qf7+ Kh8 71. Re8# 1-0

[Event "Asian Schools-ch U13 12th Rapid"]
[Site "Tehran"]
[Date "2016.07.10"]
[Round "3.3"]
[White "Mohammadi, Pouya"]
[Black "Thilakarathne, GM Harshana"]
[Result "1-0"]
[WhiteElo "1920"]
[BlackElo "1717"]
[PlyCount "75"]
[EventDate "2016.07.10"]
[EventType "swiss"]
[EventRounds "7"]
[EventCountry "IRI"]
[SourceTitle "EXT 2024"]
[Source "ChessBase"]
[SourceDate "2023.10.10"]
[SourceVersion "1"]
[SourceVersionDate "2023.10.10"]
[SourceQuality "1"]

1. Nf3 d5 2. g3 Nf6 3. Bg2 e6 4. d3 Be7 5. 0-0 0-0 6. Nbd2 c5 7. e4 Nc6 8. Re1 Qc7 9. e5 Nd7 10. Qe2 b5 11. Nf1 a5 12. Bf4 b4 13. h4 Ba6 14. Ne3 Rfe8 15. Ng5 Bxg5 16. hxg5 Nd4 17. Qh5 Qa7 18. Kh2 Kf8 19. c3 Nc6 20. c4 Ncxe5 21. cxd5 Bxd3 22. dxe6 Rxe6 23. Bxe5 Nxe5 24. f4 Bg6 25. Qh3 Nd3 26. Bxa8 Qxa8 27. f5 Nxe1 28. Rxe1 Bxf5 29. Qxf5 Kg8 30. Rf1 Qe8 31. Rf3 h6 32. Qxc5 hxg5 33. Qxg5 Re5 34. Nf5 g6 35. Nh6+ Kh7 36. Rxf7+ Qxf7 37. Nxf7 Rxg5 38. Nxg5+ 1-0

[Event "Wch U08"]
[Site "Maribor"]
[Date "2012.11.12"]
[Round "6"]
[White "Mohammadi, Pouya"]
[Black "Abdusattorov, Nodirbek"]
[Result "0-1"]
[WhiteElo "1653"]
[BlackElo "1949"]
[PlyCount "150"]
[EventDate "2012.11.08"]
[EventType "swiss"]
[EventRounds "11"]
[EventCountry "SLO"]
[SourceTitle "EXT 2013"]
[Source "ChessBase"]
[SourceDate "2012.11.22"]
[SourceVersion "1"]
[SourceVersionDate "2012.11.22"]
[SourceQuality "1"]

1. e4 c5 2. c3 d5 3. exd5 Qxd5 4. d4 Nf6 5. Nf3 Bg4 6. Be2 e6 7. h3 Bh5 8. 0-0 Nc6 9. Be3 cxd4 10. cxd4 Be7 11. Nc3 Qd7 12. Rc1 0-0 13. Ne5 Bxe2 14. Qxe2 Nxe5 15. dxe5 Nd5 16. Rfd1 Rfd8 17. Qf3 b6 18. Rd3 Qb7 19. Rcd1 Rd7 20. Nxd5 exd5 21. Rxd5 Rc7 22. Qg4 Qc8 23. Rd7 Kh8 24. Rxc7 Qxc7 25. Rd7 Qxe5 26. Qf3 Rf8 27. Rxa7 b5 28. Qf4 Qe6 29. Qc7 Bd6 30. Qc3 Rd8 31. Bd4 Bb8 32. Rb7 f6 33. g3 Qd5 34. Bxf6 Qxb7 35. Bxd8 h6 36. h4 Qd7 37. Bb6 Kh7 38. Qc2+ g6 39. Be3 Qe6 40. Qd2 h5 41. a3 Bc7 42. Bg5 Qf5 43. Qc3 Bb6 44. Be3 Bd8 45. Qd4 Bf6 46. Qa7+ Kg8 47. Bd4 Qb1+ 48. Kh2 Qf5 49. b4 Bxd4 50. Qxd4 Qf3 51. Qe3 Qf5 52. Kg2 Kg7 53. Qc3+ Kg8 54. Qf3 Qe5 55. Qc6 Qf5 56. Qc5 Qe4+ 57. Kh2 Qd3 58. Qe3 Qc4 59. Qf3 Kg7 60. Qf4 Qxf4 61. gxf4 Kf6 62. Kg3 Ke6 63. Kg2 Kf6 64. Kf3 Kf5 65. Ke3 Kg4 66. Kd4 Kxf4 67. Kc5 g5 68. a4 bxa4 69. b5 a3 70. b6 a2 71. b7 a1Q 72. b8Q+ Qe5+ 73. Qxe5+ Kxe5 74. hxg5 h4 75. f4+ Kf5 0-1